000 01012cam a2200265 a 4500
003 SISC
005 20160406125248.0
008 900824s1990 dcu b 100 0 eng
020 _a1557751471
050 0 0 _aHC 441
_b.St76 1990
082 0 0 _aHS 338.959
_bAz2 1990
100 _aAziz, Ungku A.
_911981
245 0 0 _aStrategies for structural adjustment :
_bthe experience of Southeast Asia /
_cUngku A. Aziz
260 _aWashington :
_bInternational Monetary Fund ;
_a[Kuala Lumpur] :
_bBank Negara Malaysia,
_cc1990.
300 _ax, 202 p. :
_c23 cm.
650 0 _aEconomic stabilization
_zSoutheast Asia
_vCongresses.
_911982
650 0 _aStructural adjustment (Economic policy)
_zSoutheast Asia
_vCongresses.
_911983
651 0 _aSoutheast Asia
_xEconomic policy
_vCongresses.
_911984
700 2 _aAbdul Aziz, Ungku,
_d1922-
_911985
710 2 _aInternational Monetary Fund.
_911986
710 2 _aBank Negara Malaysia.
_911987
740 0 _aExperience of Southeast Asia.
942 _2lcc
_cBK
999 _c254
_d254